00452nam a2200145Ia 4500003000900000008004100009040001600050080001900066100001600085245010100101260004700202300001000249650002800259650001900287IN-BaIIA211028s9999 xx 000 0 eng d cIIA Library a031bEBR-YB 67 aDell, W. R. 0aBritannica Book of the year 1967cW. R. Dell  aChicagobUniversity of Chicago Pressc1967 a832p. aEncyclopedia-year books aNASA Thesaurus